000 00876nam a2200241 i 4500
001 bg
100 1 _aJANUSZEWSKI, Stanisław
245 1 0 _aTajne wynalazki lotnicze Polaków :
_bRosja 1870-1917 /
_cStanisław Januszewski.
260 _aWrocław :
_bOficyna Wydawnicza Politechniki Wrocławskiej,
_c1998.
300 _a[2], 430 s. :
_bfot., portr., rys., wykr. kolor. ;
_c24 cm.
500 _aStreszcz. ang., ros.
504 _aBibliogr. s. 408-412. - Indeks.
650 9 _aLotnictwo wojskowe
_xhistoria
_zRosja
650 9 _aStatki powietrzne
_xprojekty
_xhistoria
_zPolska
_y19-20 w.
650 9 _aWynalazki
_xhistoria
_zPolska
_y19-20 w.
020 _a8370853285
040 _cBPK
041 0 _apl
_benru
080 _a623.74(47+57):629.73.001.13/.14:001.894:929-052](438)"18/19"
920 _a83-7085-328-5
942 _cKS
008 s pl f |000 0 pol
999 _c34515
_d34515
856 _uhttp://koha.tu.koszalin.pl/cgi-bin/koha/opac-detail.pl?biblionumber=34515
_yKatalog online BPK